Consumer choice (Record no. 13497)
[ view plain ]
| 000 -LEADER | |
|---|---|
| fixed length control field | 00946cab a2200217 4500 |
| 001 - CONTROL NUMBER | |
| control field | ABS39931 |
| 008 - FIXED-LENGTH DATA ELEMENTS--GENERAL INFORMATION | |
| fixed length control field | 090401t1988 xxu||||| |||| 00| 0 eng d |
| 035 ## - SYSTEM CONTROL NUMBER | |
| System control number | (Sirsi) u20145 |
| 041 ## - LANGUAGE CODE | |
| Language code of text/sound track or separate title | eng |
| 100 ## - MAIN ENTRY--PERSONAL NAME | |
| Personal name | Embling, J |
| 245 ## - TITLE STATEMENT | |
| Title | Consumer choice |
| 260 ## - PUBLICATION, DISTRIBUTION, ETC. | |
| Date of publication, distribution, etc. | 1988 |
| 350 ## - PRICE (NR) (BK AM CF MU VM SE) [OBSOLETE] | |
| Price | 0 |
| 490 ## - SERIES STATEMENT | |
| Series statement | Chartered Quantity Surveyor |
| Volume/sequential designation | 11(3) November 1988, 38-39(2) |
| 520 ## - SUMMARY, ETC. | |
| Summary, etc. | The shell and core option has become very popular in the central London office market over the last few years, where there has been very strong demand for space combined with limited supply, resulting in many pre-lettings. This article briefly discusses the problems of operating in the UK caused mainly by lack of experience in this field and compares the British concept of shell and core with that of the USA where it originated. |
| 650 ## - SUBJECT ADDED ENTRY--TOPICAL TERM | |
| Topical term or geographic name entry element | FITTING OUT |
| 650 ## - SUBJECT ADDED ENTRY--TOPICAL TERM | |
| Topical term or geographic name entry element | TENANTS REQUIREMENTS |
| 690 ## - LOCAL SUBJECT ADDED ENTRY--TOPICAL TERM (OCLC, RLIN) | |
| Topical term or geographic name as entry element | BUILT ENVIRONMENT |
| 942 ## - ADDED ENTRY ELEMENTS (KOHA) | |
| Suppress in OPAC | 0 |
| 948 ## - LOCAL PROCESSING INFORMATION (OCLC); SERIES PART DESIGNATOR (RLIN) | |
| c (OCLC) | 04/03/1997 |
| Withdrawn status | Lost status | Source of classification or shelving scheme | Damaged status | Not for loan | Home library | Current library | Shelving location | Date acquired | Total Checkouts | Full call number | Barcode | Date last seen | Copy number | Price effective from | Koha item type |
|---|---|---|---|---|---|---|---|---|---|---|---|---|---|---|---|
| Dewey Decimal Classification | London | London | Journal article | 14/09/1999 | ABS39931 | 20145-1001 | 06/08/2019 | 1 | 06/08/2019 | Journal article |